<?xml version="1.0" encoding="UTF-8"?>
<marc:record xmlns:marc="http://www.loc.gov/MARC21/slim">
   <marc:leader>00000nam a2200000 a 4500</marc:leader>
   <marc:datafield ind1="1" ind2=" " tag="100">
      <marc:subfield code="a">Pelluchon, Corine</marc:subfield>
      <marc:subfield code="4">aut</marc:subfield>
      <marc:subfield code="e">Verfasser/-in</marc:subfield>
   </marc:datafield>
   <marc:datafield ind1="1" ind2=" " tag="100">
      <marc:subfield code="a">Bischoff, Michael</marc:subfield>
      <marc:subfield code="4">trl</marc:subfield>
      <marc:subfield code="e">Übersetzer/-in</marc:subfield>
   </marc:datafield>
   <marc:datafield ind1=" " ind2=" " tag="653">
      <marc:subfield code="a">Tiergesundheit</marc:subfield>
   </marc:datafield>
   <marc:datafield ind1=" " ind2=" " tag="653">
      <marc:subfield code="a">Tierschutz</marc:subfield>
   </marc:datafield>
   <marc:datafield ind1=" " ind2=" " tag="653">
      <marc:subfield code="a">Tierethik</marc:subfield>
   </marc:datafield>
   <marc:datafield ind1=" " ind2=" " tag="653">
      <marc:subfield code="a">Softcover / Sachbücher/Philosophie</marc:subfield>
   </marc:datafield>
   <marc:datafield ind1=" " ind2=" " tag="653">
      <marc:subfield code="a">Religion</marc:subfield>
   </marc:datafield>
   <marc:datafield ind1="0" ind2="0" tag="245">
      <marc:subfield code="a">Manifest für die Tiere</marc:subfield>
   </marc:datafield>
   <marc:datafield ind1="0" ind2="0" tag="245">
      <marc:subfield code="c">Corine Pelluchon</marc:subfield>
   </marc:datafield>
   <marc:datafield ind1=" " ind2="1" tag="264">
      <marc:subfield code="a">München</marc:subfield>
      <marc:subfield code="b">C.H. Beck</marc:subfield>
   </marc:datafield>
   <marc:datafield ind1="1" ind2=" " tag="490">
      <marc:subfield code="a">C.H. Beck Paperback</marc:subfield>
      <marc:subfield code="v">6409</marc:subfield>
   </marc:datafield>
   <marc:datafield ind1=" " ind2=" " tag="250">
      <marc:subfield code="a">Originalausgabe</marc:subfield>
   </marc:datafield>
   <marc:datafield ind1="1" ind2=" " tag="520">
      <marc:subfield code="a">Angaben aus der Verlagsmeldung

Manifest für die Tiere / von Corine Pelluchon

Wie wir Menschen Tiere behandeln, betrifft im Kern die Frage nach unserer Menschlichkeit. Darauf insistiert die französische Philosophin Corine Pelluchon. Die Gewalt, die Menschen Tieren zufügen, ist nicht nur grausam. Sie macht eine verheerende Funktionsstörung unserer Gesellschaft offensichtlich, die auf wirtschaftlicher Ausbeutung und der Zerstörung des Lebendigen beruht.

Tiere sind unsere Mitgeschöpfe. Wenn wir nicht aufhören, sie als Sache zu behandeln, zerstören wir nicht nur unsere materielle, sondern auch unsere seelische Lebensgrundlage. Doch wie können wir dieses grundsätzliche Umdenken herbeiführen und auch diejenigen an Bord holen, die keine Vegetarier sind oder in einem Wirtschaftszweig arbeiten, der auf der Ausbeutung von Tieren beruht? Pelluchon zieht Parallelen zum politischen Kampf für die Abschaffung der Sklaverei. Sie gibt uns Einsichten und konkrete Vorschläge an die Hand, um den Übergang zu einer gerechteren Gesellschaft anzugehen, die die Interessen von Mensch und Tier gleichermaßen berücksichtigt.
</marc:subfield>
   </marc:datafield>
   <marc:datafield ind1=" " ind2=" " tag="020">
      <marc:subfield code="a">9783406757099</marc:subfield>
      <marc:subfield code="9">9783406757099</marc:subfield>
   </marc:datafield>
   <marc:datafield ind1=" " ind2=" " tag="020">
      <marc:subfield code="a">340675709X</marc:subfield>
      <marc:subfield code="9">340675709X</marc:subfield>
   </marc:datafield>
   <marc:datafield ind1=" " ind2=" " tag="041">
      <marc:subfield code="a">ger</marc:subfield>
   </marc:datafield>
   <marc:datafield ind1=" " ind2=" " tag="300">
      <marc:subfield code="a">124 Seiten</marc:subfield>
   </marc:datafield>
</marc:record>
